000 00784cam a2200229 a 4500
001 13482449
005 20240130021228.0
008 031023s2003 ce a b 000 0 eng
040 _aDLC
_cDLC
_dDLC
082 0 0 _a303.6/6
_222
245 0 4 _aThe value of peace /
_ccompiled and edited by Jayadeva Uyangoda, Anusha Talpawela.
260 _aColombo :
_bPublished by the International Centre for Ethnic Studies for the Neelan Tiruchelvam Trust,
_c2003
300 _aix, 115 p. :
500 _a"Sponsored by Neelan Tiruchelvam Trust"--P. 4 of cover.
650 0 _aPeace-building.
650 0 _aPeace.
650 0 _aPacifism.
700 1 _aUyangoda, Jayadeva.
_eedt
700 1 _aTalpawela, Anusha.
_eedt
856 4 1 _uhttp://www.loc.gov/catdir/toc/fy051/2003334502.html
942 _cPR
999 _c225
_d225